| 000 | 00632nam a2200169 a 4500 | ||
|---|---|---|---|
| 003 | 0 | ||
| 005 | 20250528150759.0 | ||
| 008 | 021022s19uu xx 00 eng d | ||
| 050 |
_aPHS HV 5733 _b.M35 2002 |
||
| 100 | _aMalupa, Miko. | ||
| 245 |
_aComparative study on the effects of the gender of high school students of Marymount towards their smoking habits / _cMiko Malupa. |
||
| 260 |
_aLas PiƱas City, Philippines : _bSouthville International School and Colleges, _c2002. |
||
| 300 |
_a24 pages : _billustrations ; _c28 cm. |
||
| 650 |
_aTeenage smoking _zPhilippines. |
||
| 650 |
_aSmoking _xSex differences. |
||
| 942 |
_2lcc _cPASS |
||
| 999 |
_c96720 _d96720 |
||